British professions today (Record no. 109636)

MARC details
000 -LEADER
fixed length control field 01188cad a22002295a 4500
001 - CONTROL NUMBER
control field E147587
008 - FIXED-LENGTH DATA ELEMENTS--GENERAL INFORMATION
fixed length control field 090527s2009 xxk f 000 0 eng d
035 ## - SYSTEM CONTROL NUMBER
System control number (Sirsi) u147587
041 0# - LANGUAGE CODE
Language code of text/sound track or separate title eng
050 04 - LIBRARY OF CONGRESS CALL NUMBER
Classification number 650 $2 20
110 2# - MAIN ENTRY--CORPORATE NAME
Corporate name or jurisdiction name as entry element Spada
9 (RLIN) 5741
245 00 - TITLE STATEMENT
Title British professions today
Remainder of title the state of the sector
Medium [electronic resource]
260 ## - PUBLICATION, DISTRIBUTION, ETC.
Place of publication, distribution, etc. [London]
Name of publisher, distributor, etc. Spada
Date of publication, distribution, etc. 2009
505 2# - FORMATTED CONTENTS NOTE
Formatted contents note Introduction -- Changing regulatory structures -- The professional economy -- Social and political contributions -- Conclusion -- References -- Appendices -- Tables, lists and charts
520 ## - SUMMARY, ETC.
Summary, etc. Looks at the nature and value of professions, and discusses their economic, societal and historical context. Makes recommendations as to how professions can be better analysed, and how they can maximise their benefits to the economy and society at large. The Research was sponsored by RICS, the Chartered Institute of Management Accountants and the Law Society.
521 ## - TARGET AUDIENCE NOTE
Target audience note Advanced
590 ## - LOCAL NOTE (RLIN)
Local note KA NTK
651 #4 - SUBJECT ADDED ENTRY--GEOGRAPHIC NAME
Geographic name United Kingdom
Chronological subdivision
690 ## - LOCAL SUBJECT ADDED ENTRY--TOPICAL TERM (OCLC, RLIN)
Topical term or geographic name as entry element MANAGEMENT
856 40 - ELECTRONIC LOCATION AND ACCESS
Uniform Resource Identifier <a href="https://www.spada.co.uk/british-professions-today/">https://www.spada.co.uk/british-professions-today/</a>
Public note View the research free of charge at www.spada.co.uk.
942 ## - ADDED ENTRY ELEMENTS (KOHA)
Suppress in OPAC 0
Holdings
Withdrawn status Lost status Source of classification or shelving scheme Damaged status Not for loan Home library Current library Shelving location Date acquired Total Checkouts Full call number Barcode Date last seen Copy number Price effective from Koha item type
    Dewey Decimal Classification     Virtual Virtual Online 27/05/2009   ONLINE PUBLICATION 147587-2001 06/08/2019 1 06/08/2019 Book